00317nam a2200121Ia 4500008004100000041000800041082001200049100001800061245003800079260003800117300002900155365001100184240624s9999 xx 000 0 und d aeng a823 BHA aBHAGAT CHETAN a2 STATES THE STORY OF MY MARRIAGE c2009aNew DelhibRupa and Company ax, : 269 : p. : cm. ; 19 cRSb30